DC Picture Find: New 52 Supervillains Quiz Stats

 Plays Quiz not verified by Sporcle

Support Sporcle.
Go Orange.
Score 0/105 Timer 10:00
1 Play Today
% Correct
Joker (Martha Wayne)
95.8%
Joker
95.8%
Riddler
93%
Harley Quinn
92.8%
Penguin
92.8%
Lex Luthor
92.2%
Bane
91.1%
Mr. Freeze
90.9%
Catwoman
90.6%
Deathstroke
90.1%
Zoom
89.7%
Reverse Flash
89.1%
Cheetah
88.4%
Mad Hatter
88.1%
Deadshot
87.8%
Two-Face
87.5%
Black Manta
87.5%
Ra's al Ghul
86.7%
Killer Croc
86.3%
Bizarro
86.2%
Gorilla Grodd
86.2%
Captain Cold
86.1%
Man-Bat
84.9%
Darkseid
83.7%
Scarecrow
81.5%
Giganta
80.6%
Black Adam
79.5%
Cyborg Superman
79.2%
Killer Frost
76.4%
Professor Pyg
75%
Ultraman
74.9%
Red Hood
72.8%
Talon
70.8%
Ocean Master
69.9%
Owlman
69.5%
% Correct
Parasite
68.1%
Copperhead
67.7%
Doctor Light
66.5%
Bronze Tiger
66.5%
Poison Ivy
65.8%
Amazo
62.9%
Brainiac
62.6%
Superwoman
62.3%
Larfleeze
60.9%
Power Ring
60.1%
White Rabbit
58.7%
Trickster
57.3%
Silver Banshee
56.6%
Johnny Quick
56.4%
Circe
56.3%
Blockbuster
56.3%
Despero
56%
Duela Dent
55%
Vandal Savage
54.2%
Weather Wizard
50.2%
Kalibak
49.9%
Heat Wave
49.2%
El Diablo
47.8%
Ares
47.5%
Count Vertigo
46.5%
Eclipso
46.1%
Deathstorm
45.9%
Catman
45.5%
Mirror Master
43.9%
Chronos
42.8%
Steppenwolf
40%
Enchantress
39.6%
Lobo
39%
Desaad
37.9%
Doctor Sivana
37.8%
% Correct
Metallo
35.8%
Plastique
33.6%
Solomon Grundy
33.3%
Flamingo
32.8%
Dollmaker
32.4%
Felix Faust
31%
Atomica
30.1%
Sea King
28.3%
Multiplex
25.7%
Doctor Destiny
25.2%
Black Bison
25.1%
Shaggy Man
24.6%
Nobody
23.8%
Morgaine Le Fey
22.9%
Johnny Sorrow
22.3%
Anarky
21.8%
Outsider
21.4%
Prankster
20%
Signalman
19.4%
Weapons Master
19.3%
Fury
18%
Wotan
17.9%
Hath-Set
17%
Professor Ivo
16.8%
Mister 08
15.5%
Spore
13.8%
Iceberg
13.6%
Condor
13%
Morphicius
12.5%
Osprey
11.4%
Ravager
11.3%
Graves
11.1%
Typhoon
11.1%
Voodoo
9.4%
Necromancer
7.2%

You're not logged in!

Compare scores with friends on all Sporcle quizzes.
OR
Log In

From the Vault

TV Shows at the Pool

by lolshortee

TV and a pool? Now that's relaxation!
Remove Ads.
Support Sporcle.
Get the best of Sporcle when you Go Orange. This ad-free experience offers more features, more stats, and more fun while also helping to support Sporcle. Thank you for becoming a member.

Show Comments

Extras

Top Quizzes Today


Score Distribution

Your Account Isn't Verified!

In order to create a playlist on Sporcle, you need to verify the email address you used during registration. Go to your Sporcle Settings to finish the process.

Report this User

Report this user for behavior that violates our Community Guidelines.

Details: